000 00611nam a2200181Ia 4500
008 100921s9999 xx 000 0 und d
082 _b4275
_a891.462 थ 72
100 _aपाटील के.डी.
245 _aसत्याप्पा बेरड.
260 _bत्रदिल प्र्रकाशन,मुंबई.
_c1972
300 _a80
_b---
365 _b3.5
520 _aललित-नाटके.
630 _aसत्याप्पा बेरड.
650 _aललित-नाटके.
730 _aसत्याप्पा बेरड.
942 _cBOOK
999 _c753388
_d753385